000 00673nam a2200253Ia 4500
008 160901s9999 xx 000 0 und d
020 _a978-1-59863-347-4
050 _aComSc T 385
050 _b.S37 2007
100 _aSchrand, Richard.
245 _aE-on Software's Vue 6 revealed /
245 _cRichard Schrand.
260 _aBoston, MA :
260 _bThomson Course Tech.,
260 _c2007
300 _a472 pages :
300 _bill. ;
300 _c19 cm.
500 _aIncludes index.
650 _aComputer animation.
650 _aVue (Electronic resource).
650 _xComputer graphics.
650 _xThree-dimensional display systems.
999 _c300972
_d300972